|
|
|
|
| LEADER |
00928nam a2200265 a 4500 |
| 001 |
000557321 |
| 003 |
CZ BrMZK |
| 005 |
20090902103915.0 |
| 007 |
ta |
| 008 |
010907s1992 xr cze d |
| 015 |
|
|
|a cnb000067213
|
| 035 |
|
|
|a (OCoLC)39584533
|
| 040 |
|
|
|a BOA001
|b cze
|
| 080 |
|
|
|a 908.437.274:084
|2 MRF
|
| 080 |
|
|
|a 711.434.001.36(437.274):084
|2 MRF
|
| 100 |
1 |
|
|a Spurný, František,
|d 1927-2004
|7 jk01120720
|
| 245 |
1 |
0 |
|a Šumperské proměny /
|c text František Spurný ; fot.: J. Pavlíček
|
| 250 |
|
|
|a 1. vyd.
|
| 260 |
|
|
|a Štíty :
|b Veduta,
|c 1992
|
| 300 |
|
|
|a 133 s.
|
| 700 |
1 |
|
|a Pavlíček, Josef,
|d 1926-2015
|7 ola2002112407
|
| 856 |
4 |
1 |
|u http://www.digitalniknihovna.cz/mzk/uuid/uuid:14167d70-facf-11e4-88cd-005056827e52
|y Digitalizovaný dokument
|x NDK
|
| 910 |
|
|
|a BOA001
|b 4-0979.002
|
| 990 |
|
|
|a BK
|
| 996 |
6 |
|
|b 2619704950
|c 4-0979.002
|l MZK
|r Sklad / do 1 hodiny
|n 5
|w 000557321
|u 000010
|a 1
|e BOA001
|j MZK50
|s P
|